Свойства торфорудных материалов на основе бакчарской руды и торфа Васюганского месторождения; Известия Томского политехнического университета [Известия ТПУ]; Т. 314, № 1 : Науки о Земле

Dades bibliogràfiques
Parent link:Известия Томского политехнического университета [Известия ТПУ]/ Томский политехнический университет (ТПУ).— , 2000-
Т. 314, № 1 : Науки о Земле.— 2009.— [С. 44-47]
Altres autors: Архипов В. С. Виктор Сергеевич, Маслов С. Г. Станислав Григорьевич, Долгов А. В. Александр Васильевич, Каревская А. О. Анастасия Олеговна
Sumari:Заглавие с титульного листа
Электронная версия печатной публикации
Изучено влияние состава, влажности, интенсивности перемешивания на свойства торфорудных материалов, приготовленных в лабораторных условиях из бакчарской железной руды и торфов Васюганского месторождения. Показано, что прочность воздушно-сухих образцов сравнима с прочностью металлизованных окатышей. Для получения прочных металлизованных материалов необходима стадия спекания при температуре выше 1000 °С.
Idioma:rus
Publicat: 2009
Col·lecció:Геология и полезные ископаемые
Matèries:
Accés en línia:http://www.lib.tpu.ru/fulltext/v/Bulletin_TPU/2009/v314/i1/06.pdf
Format: Electrònic Capítol de llibre
KOHA link:https://koha.lib.tpu.ru/cgi-bin/koha/opac-detail.pl?biblionumber=174105

MARC

LEADER 00000nla2a2200000 4500
001 174105
005 20231031164609.0
035 |a (RuTPU)RU\TPU\book\188805 
035 |a RU\TPU\book\188490 
090 |a 174105 
100 |a 20100120d2009 k y0rusy50 ca 
101 0 |a rus 
102 |a RU 
135 |a drnn ---uucaa 
181 0 |a i  
182 0 |a b 
200 1 |a Свойства торфорудных материалов на основе бакчарской руды и торфа Васюганского месторождения  |b Электронный ресурс  |f В. С. Архипов [и др.] 
203 |a Текст  |c электронный 
215 |a 1 файл (125 Кб) 
225 1 |a Геология и полезные ископаемые 
230 |a Электронные текстовые данные (1 файл : 125 Кб) 
300 |a Заглавие с титульного листа 
300 |a Электронная версия печатной публикации 
320 |a [Библиогр.: с. 47 (8 назв.)] 
330 |a Изучено влияние состава, влажности, интенсивности перемешивания на свойства торфорудных материалов, приготовленных в лабораторных условиях из бакчарской железной руды и торфов Васюганского месторождения. Показано, что прочность воздушно-сухих образцов сравнима с прочностью металлизованных окатышей. Для получения прочных металлизованных материалов необходима стадия спекания при температуре выше 1000 °С. 
337 |a Adobe Reader 
461 1 |0 (RuTPU)RU\TPU\book\176237  |t Известия Томского политехнического университета [Известия ТПУ]  |f Томский политехнический университет (ТПУ)  |d 2000- 
463 1 |0 (RuTPU)RU\TPU\book\188484  |x 1684-8519  |t Т. 314, № 1 : Науки о Земле  |v [С. 44-47]  |d 2009  |p 109 с. 
610 1 |a Бакчарское месторождение 
610 1 |a торф 
610 1 |a руда 
610 1 |a торфорудные материалы 
610 1 |a металлизация 
610 1 |a прочность 
610 1 |a труды учёных ТПУ 
610 1 |a электронный ресурс 
701 1 |a Архипов  |b В. С.  |c химик-технолог  |c доцент Томского политехнического университета, кандидат химических наук  |f 1939-  |g Виктор Сергеевич  |2 stltpush  |3 (RuTPU)RU\TPU\pers\24792  |4 070 
701 1 |a Маслов  |b С. Г.  |c российский учёный в области химической технологии топлива  |c доцент Томского политехнического университета  |f 1939-  |g Станислав Григорьевич  |2 stltpush  |3 (RuTPU)RU\TPU\pers\26203  |4 070 
701 1 |a Долгов  |b А. В.  |c российский химик  |c выпускник Томского политехнического университета (2008 г.)  |f 1983-  |g Александр Васильевич  |2 stltpush  |3 (RuTPU)RU\TPU\pers\25570  |4 070 
701 1 |a Каревская  |b А. О.  |c специалист в области химической технологии топлива  |c выпускница Томского политехнического университета (2008 г.)  |f 1985-  |g Анастасия Олеговна  |2 stltpush  |3 (RuTPU)RU\TPU\pers\25571  |4 070 
801 1 |a RU  |b 63413507  |c 20090623  |g PSBO 
801 2 |a RU  |b 63413507  |c 20211210  |g PSBO 
856 4 |u http://www.lib.tpu.ru/fulltext/v/Bulletin_TPU/2009/v314/i1/06.pdf 
942 |c CF